Roget's thesaurus (Record no. 35890)
[ view plain ]
| 000 -CABECERA | |
|---|---|
| campo de control de longitud fija | 00473nam a22001937a 4500 |
| 003 - IDENTIFICADOR DEL NÚMERO DE CONTROL | |
| campo de control | OSt |
| 005 - FECHA Y HORA DE LA ÚLTIMA TRANSACCIÓN | |
| campo de control | 20220824175459.0 |
| 008 - DATOS DE LONGITUD FIJA--INFORMACIÓN GENERAL | |
| campo de control de longitud fija | 220824b ||||| |||| 00| 0 spa d |
| 040 ## - FUENTE DE LA CATALOGACIÓN | |
| Centro/agencia transcriptor | Biblioteca Ernesto Sábato |
| 092 ## - SIGNATURA TOPOGRÁFICA | |
| Número de clasificación | 423 |
| Libristica | R732 |
| Sector | BDGR |
| 245 ## - MENCIÓN DE TÍTULO | |
| Título | Roget's thesaurus |
| Resto del título | : large print |
| 250 ## - MENCIÓN DE EDICIÓN | |
| Resto de la mención de edición | |
| 260 ## - PUBLICACIÓN, DISTRIBUCIÓN, ETC. (PIE DE IMPRENTA) | |
| Nombre del editor, distribuidor, etc. | Kappa |
| Fecha de publicación, distribución, etc. | 2012 |
| 300 ## - DESCRIPCIÓN FÍSICA | |
| Paginas | 194 p. |
| 650 ## - Descriptores Tematicos | |
| Término de materia o nombre geográfico como elemento inicial | DICCIONARIO-INGLES |
| 650 ## - Descriptores Tematicos | |
| Término de materia o nombre geográfico como elemento inicial | SINONIMOS-INGLES |
| 650 ## - Descriptores Tematicos | |
| Término de materia o nombre geográfico como elemento inicial | ANTONIMOS-INGLES |
| 942 ## - ELEMENTOS DE PUNTO DE ACCESO ADICIONAL (KOHA) | |
| Fuente del sistema de clasificación o colocación | Dewey Decimal Classification |
| Tipo de ítem Koha | BDGR |
| Estado de retiro | Estado de pérdida | Fuente del sistema de clasificación o colocación | Estado dañado | No para préstamo | Localización permanente | Ubicación/localización actual | Fecha de adquisición | Número de inventario | Total de préstamos | Signatura topográfica completa | Código de barras | Fecha visto por última vez | Precio válido a partir de | Tipo de ítem Koha |
|---|---|---|---|---|---|---|---|---|---|---|---|---|---|---|
| Dewey Decimal Classification | Biblioteca Ernesto Sabato - FADECS - UNCOMA | Biblioteca Ernesto Sabato - FADECS - UNCOMA | 24/08/2022 | 06788 | 423 R732 | 06788 | 24/08/2022 | 24/08/2022 | BDGR |